| 000 | 00553nam a2200205Ia 4500 | ||
|---|---|---|---|
| 005 | 20250923144424.0 | ||
| 008 | 008 250917s9999 xx 000 0 eng d | ||
| 037 | _aReference | ||
| 040 |
_aDSWL _beng _cDSWL |
||
| 041 |
_aeng _2eng |
||
| 084 |
_aX66:Z2, J1 _qDSWL |
||
| 245 | 0 |
_aAgricultural legislation in India _cby Ministry of Agriculture |
|
| 260 |
_aDelhi _bManager of Pub. _c1951 |
||
| 300 | _a201 p. | ||
| 365 |
_aINR _b41.4 |
||
| 490 | _vvol 1 | ||
| 925 | _g41.4 | ||
| 942 |
_cREF _hX66:Z2, J1 |
||
| 999 |
_c1438651 _d1438651 |
||